[Event "MCR v sachu muzu 2020"]
[Site "Plzen"]
[Date "2020.08.30"]
[Round "8.1"]
[White "Stocek, Jiri"]
[Black "Navara, David"]
[Result "1/2-1/2"]
[WhiteElo "2595"]
[BlackElo "2719"]
[EventDate "2020.08.23"]

1. d4  Nf6  2. c4  e6
3. Nf3  b6  4. a3
Bb7  5. Nc3  d5
6. Bf4  Bd6  7. Bg3  O-O
8. e3  c5  9. Qc2
cxd4  10. Nxd4  Nc6
11. Nxc6  Bxc6  12. cxd5
exd5  13. Rd1  h6
14. Be2  Rc8  15. Bf3
Bxg3  16. hxg3  Qe7
17. O-O  Ne4  18. Bxe4
dxe4  19. Rd4  Rfd8
20. Rfd1  Rxd4  21. Rxd4
Rd8  22. Qd2  Rxd4
23. exd4  Qd6  24. d5
f5  25. g4  fxg4
26. Qd4  g3  27. fxg3
Qxg3  28. dxc6  Qe1+
29. Kh2  Qh4+  30. Kg1
Qe1+  31. Kh2  Qh4+ 1/2-1/2

[Event "MCR v sachu muzu 2020"]
[Site "Plzen"]
[Date "2020.08.30"]
[Round "8.2"]
[White "Laznicka, Viktor"]
[Black "Hracek, Zbynek"]
[Result "1/2-1/2"]
[WhiteElo "2638"]
[BlackElo "2563"]
[EventDate "2020.08.23"]

1. Nf3  d5  2. g3  Bg4
3. Bg2  Nd7  4. c4
c6  5. cxd5  cxd5
6. Nc3  e6  7. Qb3
Bxf3  8. Bxf3  Qb6
9. Qxb6  Nxb6  10. b3
Nf6  11. Bb2  Rc8
12. e3  a6  13. Bg2
Bd6  14. f4  Ke7
15. Ne2  Rhg8  16. Nd4
g5  17. Bf3  g4
18. Bg2  h5  19. a3  h4
20. d3  Nbd7  21. Kd2
Rh8  22. Rae1  Nc5
23. Rhg1  hxg3  24. hxg3
Rh2  25. Re2  Nh5
26. Bf1  Rxe2+  27. Bxe2
f5  28. b4  Nd7
29. Bd1  Kf7  30. Bc3  Bf8
31. a4  Bg7  32. Bb3
Nhf6  33. Rh1  Rh8
34. Rxh8  Bxh8  35. Ne2
Bg7  36. Kc2  Bf8
37. a5  Bd6  38. Nd4
Ke7  39. Kb2  Nb8
40. Ba4  Nbd7  41. Ka3
Ne8  42. Bd1  Nef6
43. Ka4  Kf7  44. Be1
Ke7  45. Be2  Bb8
46. b5  axb5+  47. Nxb5
Nc5+  48. Ka3  Kd7
49. Kb4  Na6+  50. Kc3
Kc6  51. Nd4+  Kd7
52. Nb5  Kc6  53. Nd4+
1/2-1/2

[Event "MCR v sachu muzu 2020"]
[Site "Plzen"]
[Date "2020.08.30"]
[Round "8.3"]
[White "Polak, Tomas"]
[Black "Babula, Vlastimil"]
[Result "1/2-1/2"]
[WhiteElo "2563"]
[BlackElo "2571"]
[EventDate "2020.08.23"]

1. d4  Nf6  2. c4  e6
3. Nf3  b6  4. g3
Ba6  5. b3  Bb4+
6. Bd2  Be7  7. Bg2
d5  8. cxd5  exd5
9. O-O  O-O  10. Nc3
Re8  11. Rc1  Bb7
12. Bf4  Na6  13. Qc2
h6  14. Qb2  Bf8
15. Rfd1  c5  16. dxc5
bxc5  17. Ne1  Qd7
18. Na4  d4  19. Bxb7
Qxb7  20. Rc4  Qe4
21. Nd3  g5  22. Bc1
Qxe2  23. Qxe2  Rxe2
24. Kf1  Rae8  25. Ba3
Ng4  26. Bxc5  Nxc5
27. Naxc5  Rxa2  28. Rxd4
Nxf2  29. Nxf2  Bxc5
30. R4d2  Rxd2  31. Rxd2
Re3  32. Rd5  Bb6
33. Ng4  Re6  34. Kg2
Kg7  35. h4  gxh4
36. gxh4  Re4  37. Kf3
Rb4  38. Rd3  h5
39. Ne3  Bxe3  40. Rxe3
Kf6  41. Rc3  Kg6
42. Kg3  f6  43. Rd3
Rg4+  44. Kh3  Rb4
45. Kg3  Rg4+  46. Kh3
Re4  47. b4  Kf5
48. Rf3+  Ke5  49. Ra3
Kf4  50. Rxa7  Rxb4
51. Ra6  f5  52. Rg6
Rb1  53. Kg2  Rb2+
54. Kh3  Kf3  55. Rg3+
Ke4  56. Rg5  Rb3+
1/2-1/2

[Event "MCR v sachu muzu 2020"]
[Site "Plzen"]
[Date "2020.08.30"]
[Round "8.4"]
[White "Nguyen, Thai Dai Van"]
[Black "Simacek, Pavel"]
[Result "1-0"]
[WhiteElo "2569"]
[BlackElo "2474"]
[EventDate "2020.08.23"]

1. d4  d5  2. c4  e6
3. Nc3  c6  4. e3
Bd6  5. Nf3  f5
6. Ne5  Nf6  7. Be2  O-O
8. O-O  Nbd7  9. f4
Ne4  10. Nxe4  fxe4
11. Qc2  Qe7  12. Bd2
Nf6  13. a3  Bd7
14. b4  Be8  15. c5
Bc7  16. Rfb1  a6
17. Qd1  Nd7  18. a4
Nxe5  19. fxe5  Bd7
20. Rb3  Rfb8  21. Be1
Bd8  22. Ra2  Ra7
23. h3  Rba8  24. Rab2
Qe8  25. Bh5  Qe7
26. Rf2  Be8  27. Rf4
Qd7  28. Kh2  Bg5
29. Rf1  Qe7  30. Bxe8
Rxe8  31. Qh5  g6
32. Qg4  Rf8  33. Rxf8+
Kxf8  34. h4  Bh6
35. Bg3  Ra8  36. Qe2
Qd7  37. Qb2  Re8
38. Bf2  g5  39. b5
axb5  40. axb5  cxb5
41. Rxb5  Re7  42. Rb6
Kg8  43. Qe2  Qe8
44. Qg4  Qf7  45. Bg3
Kh8  46. hxg5  Qg6
47. c6  1-0

[Event "MCR v sachu muzu 2020"]
[Site "Plzen"]
[Date "2020.08.30"]
[Round "8.7"]
[White "Hurdzan, Tomas"]
[Black "Havelka, Josef"]
[Result "0-1"]
[WhiteElo "2325"]
[BlackElo "2367"]
[EventDate "2020.08.23"]

1. e4  c5  2. Nf3  Nc6
3. d4  cxd4  4. Nxd4
Nf6  5. Nc3  d6
6. Bg5  e6  7. Qd2  a6
8. O-O-O  Bd7  9. f4
b5  10. Bxf6  gxf6
11. Kb1  Qb6  12. Nxc6
Bxc6  13. f5  O-O-O
14. fxe6  fxe6  15. Bd3
h5  16. Rhf1  Bh6
17. Qe1  Rhf8  18. Qh4
Qc5  19. Ne2  Kb8
20. c3  Bb7  21. Nd4
Bc8  22. Bc2  Bg5
23. Qxh5  Rh8  24. Qf3
Rxh2  25. Bb3  Re8
26. Qg3  Rh4  27. Nxe6
Bxe6  28. Rxd6  Rf4
29. Rxe6  Rxe6  30. Bxe6
Qe3  31. Rf3  Qxe4+
32. Rd3  Qxe6  33. a3
Kc8  34. Rd1  Qf5+
35. Ka2  Qe6+  36. Ka1
Re4  37. Qf2  Kb7
38. Rh1  Be3  39. Qf3
f5  40. Rh5  Bf4
41. Rh7+  Bc7  42. Rh1
Kc8  43. Rh8+  Bd8
44. Qd1  Qd7  45. Qf1
Qd5  46. Rf8  Re5
47. Rh8  Kb7  48. Rh7+
Be7  49. Rh1  Kb6
50. Rh6+  Bd6  51. Qf2+
Kc6  52. Rh1  Bc5
53. Qg3  Qe6  54. Qf3+
Kb6  55. Qg3  a5
56. Rd1  a4  57. Qh4
Qe7  58. Qg3  Ka5
59. Ka2  Re2  60. Rd5
Bxa3  61. c4  Rxb2+
62. Ka1  Rb3  63. Qf2
Bb2+  0-1

[Event "MCR v sachu muzu 2020"]
[Site "Plzen"]
[Date "2020.08.30"]
[Round "8.8"]
[White "Brejnik, Gustav"]
[Black "Finek, Vaclav"]
[Result "1/2-1/2"]
[WhiteElo "2265"]
[BlackElo "2344"]
[EventDate "2020.08.23"]

1. d4  Nf6  2. Nf3  g6
3. g3  Bg7  4. Bg2
O-O  5. O-O  d5
6. c4  dxc4  7. Na3  Nc6
8. Nxc4  Be6  9. b3
a5  10. Bb2  a4
11. Ng5  Bd5  12. e4  Bxc4
13. bxc4  a3  14. Bc3
h6  15. Nh3  Nd7
16. Rc1  Nb6  17. d5
Ne5  18. f4  Ned7
19. Bxg7  Kxg7  20. Qd4+
Kg8  21. c5  Nc8
22. f5  g5  23. c6
bxc6  24. Rxc6  f6
25. Rfc1  Ra7  26. Nf2
Ne5  27. R6c3  Qd6
28. Nd3  Nxd3  29. Qxd3
Qb6+  30. Kh1  Nd6
31. Rb1  Qa6  32. Qxa6
Rxa6  33. Rxc7  Re8
34. Rb4  Kf8  35. Bf1
Raa8  36. Bd3  Rab8
37. Ra4  Rb2  38. Rxa3
Nf7  39. Rc2  Reb8
40. Rac3  Ne5  41. Bf1
g4  42. Be2  R8b4
43. Kg2  Rxc2  44. Rxc2
Rxe4  45. Bb5  Re3
46. a4  Ra3  47. h3
h5  48. hxg4  hxg4
49. Kf2  Rf3+  50. Kg2
Ra3  51. Rc8+  Kg7
52. Ra8  Ra2+  53. Kf1
Ra3  54. Kf2  Ra2+ 55. Be2
Nc4  56. Ra7  Kf8
1/2-1/2

[Event "MCR v sachu muzu 2020"]
[Site "Plzen"]
[Date "2020.08.30"]
[Round "8.9"]
[White "Sorm, Daniel"]
[Black "Rabatin, Jakub"]
[Result "1-0"]
[WhiteElo "2343"]
[BlackElo "2291"]
[EventDate "2020.08.23"]

1. d4  Nf6  2. c4  g6
3. Nc3  Bg7  4. e4
d6  5. h3  O-O
6. Bg5  c5  7. d5  e6
8. Bd3  exd5  9. cxd5
Re8  10. Nf3  c4
11. Bc2  b5  12. O-O
a6  13. Qd2  Nbd7
14. Rfe1  Bb7  15. Qf4
Ne5  16. Nh2  b4
17. Ne2  b3  18. Bb1
Qa5  19. Nc3  Nfd7
20. Qg3  Nc5  21. Bd2
Qc7  22. Ng4  h5
23. Nxe5  Bxe5  24. Bf4
Rac8  25. axb3  Nxb3
26. Ra3  Qb6  27. Bxe5
dxe5  28. Bc2  Nd4
29. Ba4  Re7  30. Ra2
Qb4  31. Kh2  Qd6
32. Raa1  Rd8  33. Rad1
Qf6  34. h4  Bc8
35. Rf1  Qb6  36. f4
Bg4  37. Rd2  f6
38. Rdf2  exf4  39. Qxf4
Rd6  40. Qh6  Qb8
41. e5  Rxe5  42. Qxg6+
Kh8  43. Qh6+  Kg8
44. Qg6+  Kh8  45. Rxf6
Rf5  46. Qh6+  Kg8
47. Qg6+  Kh8  48. Rxd6
Rxf1  49. Ne4  Nf5
50. Qf6+  Kg8  51. Qe6+
Kf8  52. Qf6+  Kg8
53. Qe6+  Kf8  54. Qe5
Qa7 1-0

[Event "MCR v sachu muzu 2020"]
[Site "Plzen"]
[Date "2020.08.30"]
[Round "8.11"]
[White "Mladek, Richard"]
[Black "Nemec, Pavel"]
[Result "1-0"]
[WhiteElo "2280"]
[BlackElo "2243"]
[EventDate "2020.08.23"]

1. e4  c5  2. Nf3  d6
3. d4  cxd4  4. Nxd4
Nf6  5. Nc3  a6
6. Bd3  e5  7. Nde2  Be6
8. O-O  Nbd7  9. f4
Qb6+  10. Kh1  Rc8
11. b3  exf4  12. Na4
Qc6  13. Nd4  Qc7
14. c4  g5  15. Nc3
Bg7  16. g3  fxg3
17. Bxg5  Bh3  18. hxg3
Bxf1  19. Qxf1  Qa5
20. Nd5  Nxd5  21. Nf5
Bf6  22. Nxd6+  Kd8
23. Nxb7+  1-0

[Event "MCR v sachu muzu 2020"]
[Site "Plzen"]
[Date "2020.08.30"]
[Round "8.12"]
[White "Mica, Marek"]
[Black "Gloser, David"]
[Result "1-0"]
[WhiteElo "2315"]
[BlackElo "2248"]
[EventDate "2020.08.23"]

1. Nf3  Nf6  2. c4  e6
3. Nc3  d5  4. d4
Be7  5. Bg5  O-O
6. cxd5  exd5  7. e3
c6  8. Qc2  Nbd7
9. Bd3  Re8  10. h3
a5  11. Bf4  Nf8
12. Bh2  Ng6  13. Ne5
Bd6  14. f4  Ne4
15. Nxe4  dxe4  16. Bxe4
Qe7  17. O-O  f6
18. Nc4  Bc7  19. Bf3
Nh4  20. Rae1  Bf5
21. Qc3  Nxf3+  22. Rxf3
Be4  23. Rff1  Qb4
24. Nd2  f5  25. Nxe4
Rxe4  26. Bg3  Rd8
27. Bf2  Rd5  28. a3
Qd6  29. Qb3  b5
30. Rc1  g5  31. g3
Kg7  32. Qc2  Re6
33. h4  g4  34. Rfd1
Kf7  35. Rd3  Ke7
36. Rc3  Kd7  37. Qb3
a4  38. Qa2  Ba5
39. Rxc6  Qxc6  40. Rxc6
Kxc6  41. Kf1  Kd6
42. b3  axb3  43. Qxb3
Re7  44. a4  bxa4
45. Qa3+  Kd7  46. Qxa4+
Kd6  47. Qc4  Rb7
48. Qa6+  Kc7  49. Qe6
Rbb5  50. e4  fxe4
51. Qxg4  Rb1+  52. Kg2
Rdb5  53. Qg7+  Kd6
54. Qf6+  Kd7  55. Qf7+
Kd6  56. Kh3  Rh1+
57. Kg2  Rhb1  58. Be3
h5  59. Qg6+  Ke7
60. Qxe4+  Kf7  61. Qh7+
Kf6  62. Qh6+  Kf7
63. Kf3  Rf5  64. g4
hxg4+  65. Kxg4  Rbb5
66. Qh7+  Kf6  67. Qh8+
Kf7  68. Qc8  Kf6
69. Bc1  Bb4  70. Qa6+
Kf7  71. Ba3  Bxa3
72. Qxa3  Rfd5  73. Qa7+
Kg6  74. Qe7  Ra5
75. Qe6+  Kg7  76. f5
Rxd4+  77. Kg5  Rdd5
78. Qe7+  Kg8  79. Kg6
1-0

[Event "MCR v sachu muzu 2020"]
[Site "Plzen"]
[Date "2020.08.30"]
[Round "8.15"]
[White "Novotny, Martin"]
[Black "Vorisek, Jaroslav"]
[Result "0-1"]
[WhiteElo "2180"]
[BlackElo "2279"]
[EventDate "2020.08.23"]

1. Nf3  d5  2. d4  c5
3. c3  Nf6  4. Bf4
Nc6  5. e3  Qb6
6. Qb3  c4  7. Qxb6  axb6
8. Nbd2  b5  9. a3
b4  10. cxb4  Nxb4
11. Rc1  Nc6  12. Be2
Bf5  13. Ne5  e6
14. Bf3  Rc8  15. h3
h6  16. O-O  Be7
17. Nb1  Ne4  18. Rfd1
Nxe5  19. Bxe5  f6
20. Bh2  Kf7  21. Bh5+
g6  22. Be2  g5
23. f3  Nd6  24. Nc3  Rhd8
25. Kf2  Bg6  26. Re1
Ne8  27. Rcd1  Bd6
28. Bxd6  Nxd6  29. Bf1
f5  30. g4  Ne8
31. gxf5  exf5  32. Bg2  Nf6
33. e4  f4  34. e5
Ng8  35. h4  Ne7
36. Bh3  Bf5  37. Rh1
Bxh3  38. Rxh3  Rg8
39. hxg5  hxg5  40. Rdh1
Rc6  41. Rh7+  Rg7
42. R1h5  Rb6  43. Na4
Rb3  44. Rxg7+  Kxg7
45. Rxg5+  Kh6  46. Rg4
b5  47. Nc3  Rxb2+
48. Ke1  Rb3  49. Kd2
Rxa3  50. Rxf4  b4
51. Nb1  Ra2+  52. Kc1
Kg5  53. Rf8  Nf5
54. e6  c3  55. f4+
Kg6  56. e7  Nxe7
57. Rb8  Rb2  58. Rb6+
Kf5  59. Rd6  Kxf4
60. Rb6  Nf5  61. Rb5
Ne3  62. Nxc3  bxc3
63. Rb3 Rc2+  64. Kb1  Ke4
65. Rb4  Kd3  66. Ra4
Rb2+  67. Kc1  Rh2
68. Kb1  Nc4  0-1

[Event "MCR v sachu muzu 2020"]
[Site "Plzen"]
[Date "2020.08.30"]
[Round "8.20"]
[White "Freisler, Pavel"]
[Black "Jun, Rudolf"]
[Result "1-0"]
[WhiteElo "2249"]
[BlackElo "2094"]
[EventDate "2020.08.23"]

1. d4  Nf6  2. Nf3  g6
3. c4  Bg7  4. g3
O-O  5. Bg2  d6
6. Nc3  c6  7. O-O  Qa5
8. e4  e5  9. h3
Re8  10. Be3  Nbd7
11. Qc2  b5  12. dxe5
dxe5  13. Nd2  Ba6
14. Rfc1  Rac8  15. Nb3
Qc7  16. cxb5  cxb5
17. Bf1  Qb8  18. Bd3
Bb7  19. a3  a6
20. Qe2  Bf8  21. Na5  Nc5
22. Bxc5  Bxc5  23. Nxb7
Qxb7  24. a4  Qb6
25. axb5  axb5  26. Bxb5
Red8  27. Ra6  Bxf2+
28. Qxf2  Qxf2+  29. Kxf2
Nxe4+  30. Kf3  f5
31. g4  Rc5  32. Rc6
Ng5+  33. Ke2  Rxc6
34. Bxc6  Nxh3  35. gxf5
Nf4+  36. Ke3  gxf5
37. Rg1+  Kf7  38. Bb5
Rd4  39. b3  Kf6
40. Bc4  h5  41. Rd1
Ng2+  42. Kf2  Rg4
43. Be2  Rg5  44. Nd5+
Ke6  45. Bc4  Nh4
46. Rh1  Ng6  47. Nf4+
Kd6  48. Nxg6  Rxg6
49. Rxh5  Rf6  50. Ke3
Kc5  51. Rh8  Rg6
52. Rd8  Rg3+  53. Kf2
1-0

[Event "MCR v sachu muzu 2020"]
[Site "Plzen"]
[Date "2020.08.30"]
[Round "8.21"]
[White "Kusa, Jakub"]
[Black "Folk, Petr"]
[Result "1/2-1/2"]
[WhiteElo "2239"]
[BlackElo "2122"]
[EventDate "2020.08.23"]

1. e4  c5  2. Nf3  Nc6
3. d4  cxd4  4. Nxd4
Nf6  5. Nc3  e5
6. Ndb5  d6  7. Bg5  a6
8. Na3  b5  9. Nd5
Be7  10. Bxf6  Bxf6
11. c3  O-O  12. Nc2
Rb8  13. h4  Be7
14. Nce3  Be6  15. Qf3
Qd7  16. Bd3  Bd8
17. g3  Ne7  18. Nxe7+
Qxe7  19. O-O  g6
20. Bc2  Bb6  21. Bb3
Bxe3  22. Qxe3  Rfc8
23. Rac1  Rc5  24. Rfd1
Kg7  25. Rd3  h5
26. Rcd1  Bxb3  27. axb3
Rc6  28. Rd5  Rb7
29. b4  Rb8  30. Kh2
Rb7  31. f3  Qf6
32. Kg2  Qe7  33. Qg5
f6  34. Qe3  Qe6
35. Kh2  Re7  36. Qd3
Rd7  37. Rd2  Rd8
38. Qe3  Rd7  39. Rg2
f5  40. Rgd2  Rf7
41. exf5  Rxf5  42. Qa7+
Rf7  43. Qb8  Rxf3
44. Rxd6  Rxd6  45. Rxd6
Qg4  46. Qa7+  Kh6
47. Qg1  e4  48. Rd2
e3  49. Rg2  Qe4
50. Qd1  Kg7  51. Re2
Rf2+  52. Rxf2  exf2
53. Qd7+  Kg8  54. Qd8+
Kg7  55. Qd7+  Kg8
56. Qd8+  1/2-1/2

[Event "MCR v sachu muzu 2020"]
[Site "Plzen"]
[Date "2020.08.30"]
[Round "8.28"]
[White "Nagy, Ladislav"]
[Black "Koubova, Anna Marie"]
[Result "1/2-1/2"]
[WhiteElo "2150"]
[BlackElo "2099"]
[EventDate "2020.08.23"]

1. e4  e6  2. d4  d5
3. e5  c5  4. c3
Nc6  5. Nf3  Bd7
6. Be2  cxd4  7. cxd4
Nh6  8. Bxh6  gxh6
9. Nc3  Bg7  10. Qd2
Rc8  11. O-O  O-O
12. Rad1  f6  13. exf6
Qxf6  14. Bb5  Be8
15. Bxc6  bxc6  16. Ne2
c5  17. Rc1  Bb5
18. Rxc5  Rxc5  19. dxc5
Qxb2  20. Qxb2  Bxb2
21. Rb1  Bxe2  22. Rxb2
Bxf3  23. gxf3  Rc8
24. Rb7  Rxc5  25. Rxa7
Rc1+  26. Kg2  e5
27. a4  d4  28. a5
d3  29. Rd7  Ra1
30. Rxd3  Rxa5  31. Rd7
Ra6  32. Re7  Rg6+
33. Kf1  1/2-1/2

[Event "MCR v sachu muzu 2020"]
[Site "Plzen"]
[Date "2020.08.30"]
[Round "8.31"]
[White "Kopriva, Martin"]
[Black "Frank, Adam"]
[Result "1/2-1/2"]
[WhiteElo "2079"]
[BlackElo "2219"]
[EventDate "2020.08.23"]

1. e4  d6  2. d4  Nf6
3. Nc3  g6  4. Nf3
Bg7  5. h3  O-O
6. Be2  Nc6  7. O-O  e5
8. dxe5  Nxe5  9. Nxe5
dxe5  10. Bg5  Qe8
11. Qd2  Qc6  12. Bxf6
Qxf6  13. Rad1  c6
14. Bc4  b5  15. Bb3
a5  16. a3  Be6
17. Bxe6  Qxe6  18. Qd6  Qc4
19. Qd3  Qc5  20. Qd6
Qc4  21. Qd3  Qd4
22. Qe2  Qc5  23. Rd7
Rad8  24. Rfd1  Bf6
25. g3  Kg7  26. h4
h5  27. Kg2  Rxd7
28. Rxd7  Rd8  29. Rxd8
Bxd8  30. Nd1  Bb6
31. c3  Qe7  32. Qd2
Qe6  33. Ne3  Qb3
34. Kf3  Qa2  35. Qc2
Qa1  36. Ke2  Qh1
37. Qd3  Qc1  38. Qd2
Qb1  39. Qc2  Qa1
40. Qd2  Qa2  41. Kf3
Bc5  42. Nf5+  Kg8
43. Nh6+  Kg7  44. Nf5+
Kg8  45. Nh6+  Kg7
1/2-1/2

[Event "MCR v sachu muzu 2020"]
[Site "Plzen"]
[Date "2020.08.30"]
[Round "8.34"]
[White "Joukl, Zdenek"]
[Black "Nemcova, Karin"]
[Result "0-1"]
[WhiteElo "2062"]
[BlackElo "1983"]
[EventDate "2020.08.23"]

1. c4  c5  2. Nc3  Nc6
3. g3  g6  4. Bg2
Bg7  5. e4  e6
6. Nge2  Nge7  7. O-O  O-O
8. d3  Nd4  9. Nxd4
cxd4  10. Ne2  d5
11. cxd5  exd5  12. exd5
Nxd5  13. Nf4  Be6
14. Nxe6  fxe6  15. Qe2
Qd6  16. Bd2  Rac8
17. Rac1  b6  18. Rfe1
Rxc1  19. Rxc1  a5
20. a3  Re8  21. Qd1
Rf8  22. Qc2  Qe5
23. Re1  Qf5  24. Re2
Nf6  25. Qb3  Kh8
26. h3  e5  27. Qb5
e4  28. Qxf5  gxf5
29. dxe4  d3  30. Re1
Nxe4  31. Bxe4  fxe4
32. b4  axb4  33. axb4
Re8  34. Kf1  Bd4
35. b5  Kg7  36. Be3
Rd8  37. Bd2  Re8
38. Be3  Bc5  39. g4
Re5  40. Kg2  Bxe3
41. fxe3  Rxb5  42. Kg3
Kf6  43. Kf4  Re5
44. h4  b5  45. g5+
Ke6  46. h5  Rf5+
47. Kxe4  Rxg5  48. Kxd3
Rxh5  49. Kd4  Rd5+
50. Ke4  b4  51. Rb1
Rb5  52. Rb3  h5
53. Kd4  h4  54. e4
Rb8  55. e5  Rg8
56. Kc5  Kxe5  57. Kc6
Rg4  58. Kc5  Rf4
0-1

[Event "MCR v sachu muzu 2020"]
[Site "Plzen"]
[Date "2020.08.30"]
[Round "8.35"]
[White "Taus, Martin"]
[Black "Babula ml., Vlastimil"]
[Result "1-0"]
[WhiteElo "2142"]
[BlackElo "2138"]
[EventDate "2020.08.23"]

1. d4  Nf6  2. g3  g6
3. Bg2  Bg7  4. e4
d6  5. Ne2  O-O
6. Nbc3  e5  7. h3  Nbd7
8. Be3  exd4  9. Bxd4
c5  10. Be3  Ne5
11. b3  Be6  12. O-O
Nc6  13. Qd2  Re8
14. Rad1  Bf8  15. f4 Qc8
16. f5  gxf5  17. Bh6
Bxh6  18. Qxh6  Qd8
19. exf5  Bc8  20. g4
Kh8  21. g5  Ng8
22. Qh5  Ne5  23. Rf4
Kg7  24. f6+  Kh8
25. Be4  h6  26. Nd5
Be6  27. Ne7  Rxe7
28. fxe7  Qxe7  29. Rf6
Qf8  30. Rf2  Qg7
31. Rg2  Rd8  32. gxh6
Qxh6  33. Qxh6+  Nxh6
34. Nf4  Bc8  35. Rgd2
Nf5  36. Kf2  Nd4
37. a4  f5  38. Bd5
Kg7  39. c3  Ndc6
40. Bxc6  Nxc6  41. Rxd6
Rh8  42. R1d5  Re8
43. Rxc5  Re4  44. Rc4
Rxc4  45. bxc4  Kf7
46. h4  Ne5  47. h5
Bd7  48. a5  Bc6
49. Rd4  Kf6  50. Kg3
a6  51. Rd6+  Kg7
52. Re6  Nxc4  53. h6+
Kh7  54. Nh3  Nd2
55. Ng5+  Kh8  56. Kf4
1-0